Представление документа в формате MARC21

Поле Инд. ПП Название Значение
Тип записи a
Библиографический уровень b
001 Контрольный номер 50918a7d3c1c4f738c7828671317435d
005 Дата корректировки 20210908160230.4
024 80 a Стандартный номер 10.1134/S1064229315090124
040 a Служба первич. каталог. РИНЦ
041 0_ a Код языка текста eng
097 a Ануфриева Г.Ю.
100 1_ a Автор Yakovlev A. S.
100 1_ q Полное имя Макаров Олег Анатольевич
g Прочие сведения РИНЦ AuthorID: 131155 (http://elibrary.ru/author_profile.asp?id= 131155); SPIN-код: 3281-3753 (http://elibrary.ru/author_items.asp?authorid=131155); ResearcherID: B-4110-2013 (http://www.researcherid.com/rid/B-4110-2013)
a Автор Makarov O. A.
u Дополнение Макаров О. А.
c Титул (звания) профессор (ученое звание); доктор биологических наук; профессор (должность)
i 000090738
k Кафедра экологии и наук о земле; Факультет естественных и инженерных наук
100 1_ a Автор Krasilnikov P. V.
100 1_ a Автор Evdokimova M. V.
100 1_ a Автор Molchanov E. N.
245 10 a Заглавие Regulatory and legislative aspects of the ecological evaluation and control of soil degradation in Russia on the basis of the assessment of soil ecological functions
773 18 t Название источника Eurasian Soil Science
b Сведения об издании Pleiades Publishing, Ltd.
c Россия
d Место и дата издания 2015
m Специф. данные входит в Scopus;входит в WoS;входит в ядро РИНЦ;зарубежный журнал;ненулевой импакт-фактор
n Примечание Переводная версия "Почвоведение"; Переводная версия "Агрохимия"
p Eurasian Soil Sci.
o Прочие индексы wos 0.667, scopus 1.14
x ISSN 1064-2293
q Q2
g Прочая информация V. 48. - № 9. - С. 991 - 996
w Контрольный № источника c7ccd9102dec4d95b11642307b5f82cf
856 40 u URL https://elibrary.ru/item.asp?id=24946597
901 t Тип документа b
952 c Вид литературы статья в журнале